00301pab a2200121 454500008004000000100002000040245003200060260000900092300001000101362001100111650003700122773002000159180718b1983 xxu||||| |||| 00| 0 eng d aEtzioni, Amitai aThe militization of America c1983 a44-51 aSummer aGovernment and Business - U.S.A. aPublic Interest